00758nam a22002057a 450000500170000001000150001702000310003203500140006303700130007708200140009010000260010424501320013026000340026227001280029630000250042450000380044970000260048770000200051370000190053320190905154641.0 aENG-126425 c2500.00a978-93-86906-90-8 aEN-109957 bDBAD/PUB a709.95435 aDallapiccola, Anna L. aLepakshi:cby Anna L. Dallapiccola, Brigitte Khan Majlis, George Michell [and] John M.FritzbArchitecture, sculpture, painting/ aNew DelhibNiyogi Booksc2019 bNew DelhiaBlock D, Building No. 77, Okhla Industrial Area, Phase-Ik91-11-26816301,26818960mniyogibooks@gmail.come110020 a272p.c28cm(hb)bill aincluding index and bibliography. aMajlis, Brigitte Khan aMichell, George aFritz, John M.